Justice in contention: The dynamics of legal mobilisation in caimanes’ environmental struggle (Record no. 529852)

000 -LEADER
fixed length control field 01534nam a22001457a 4500
008 - FIXED-LENGTH DATA ELEMENTS--GENERAL INFORMATION
fixed length control field 250509b ||||| |||| 00| 0 eng d
100 ## - MAIN ENTRY--PERSONAL NAME
Personal name Smart, Sebastian
245 ## - TITLE STATEMENT
Title Justice in contention: The dynamics of legal mobilisation in caimanes’ environmental struggle
260 ## - PUBLICATION, DISTRIBUTION, ETC. (IMPRINT)
Place of publication, distribution, etc Social & Legal Studies
300 ## - PHYSICAL DESCRIPTION
Extent 34(1), Feb, 2025: p.43-66
520 ## - SUMMARY, ETC.
Summary, etc This paper examines legal mobilisation in socio-environmental movements through the Caimanes case, a Chilean community opposing the Los Pelambres mining project. It integrates structural and agency perspectives, highlighting the community's adaptation to political and legal opportunities and focusing on distributive environmental justice. The study identifies two protest cycles: the first seeking compensation, leading to community divisions, and the second addressing mining externalities, fostering unity and solidarity. It discusses judicial mobilisation's limitations, including challenges in aligning community and legal advisors’ aims and constraints within the Chilean judicial system. The analysis, based on fieldwork and secondary sources, contributes to understanding legal strategies in environmental justice movements, emphasising strategic decision-making's importance.- Reproduced

https://journals.sagepub.com/doi/full/10.1177/09646639241248915
650 ## - SUBJECT ADDED ENTRY--TOPICAL TERM
Topical term or geographic name as entry element Legal mobilisation, Socio-environmental movements, Extractives and environmental justice, Community activism in Chile.
9 (RLIN) 52963
773 ## - HOST ITEM ENTRY
Main entry heading Social & Legal Studies
942 ## - ADDED ENTRY ELEMENTS (KOHA)
Item type Articles
Holdings
Withdrawn status Lost status Source of classification or shelving scheme Damaged status Not for loan Permanent location Current location Date acquired Serial Enumeration / chronology Barcode Date last seen Koha item type
          Indian Institute of Public Administration Indian Institute of Public Administration 2025-05-09 34(1), Feb, 2025: p.43-66 AR135687 2025-05-09 Articles

Powered by Koha